00904nam a2200217 i 450000100060000000300090000600500170001500700030003200800410003510000470007624500600012326000630018330000220024653000350026865000310030385200940033485600910042894200080051999900170052795201420054477541ES-MaACL20250808011138.0t|041020q1909 sp |||| | spa d1 aAntón del Olmet, Luis,d1886-192392194713aEl libro de la vida bohemia / cLuis Antón del Olmet. aMadrid : b[s.n., c1909] (fEstab. Tip. de Jaime Ratés) a196 p. ; c19 cm. aDisponible en formato digital. 7aVida bohemia2embne917789 aES-MaACLjF-10310 zRevisado enlace: 27 de julio de 2025cSPP2x Enciclopedia holandesa4 uhttp://bdh-rd.bne.es/viewer.vm?id=0000149100&page=1 z(Biblioteca Digital Hispánica) 2udc c77541d77541 001040708Colección_digitalaATENEOMbATENEOMcSPP2d2008-01-17eSCl0oF-10310p1081126r2023-02-23 00:00:00w2023-02-23yMONOGRAFIA